000 00604nam a2200205 u 4500
005 20240924071313.0
008 160606s2008 r 000 0 eng d
020 _a9788498672770
035 _aUPN01000211144
049 _aI
050 4 _aPZ74
_bF5.3
100 1 _aFiszbein, Varda
_939554
245 1 0 _aCuentos clásicos para siempre /
_cadaptación de Varda Fiszbein ; il. Martha Chicote.
260 _aBarcelona, Esp. :
_bMolino,
_c2008.
300 _a91 p. :
_bil. col.
650 4 _aCuentos infantiles
_96744
650 4 _aLiteratura infantil
_94445
905 _aInfantil
999 _c183245
_d183245